<?xml version="1.0" encoding="UTF-8"?>
<collection xmlns="http://www.loc.gov/MARC21/slim">
  <record>
    <leader>00000nam  2200000   4500</leader>
    <controlfield tag="001">INLIS000000000015806</controlfield>
    <controlfield tag="005">20230906031447</controlfield>
    <datafield tag="035" ind1="#" ind2="#">
      <subfield code="a">0010-0923000047</subfield>
    </datafield>
    <datafield tag="245" ind1="1" ind2="#">
      <subfield code="a">Strategi Penguatan Sistem Layanan Informasi Cuaca Maritim Berbasis Dampak Untuk Keselamatan Pelayaran Nasional Oleh Pusat Meteorologi Maritim BMKG /</subfield>
      <subfield code="c">Eko Prasetyo</subfield>
    </datafield>
    <datafield tag="100" ind1=" " ind2="#">
      <subfield code="a">Eko Prasetyo</subfield>
    </datafield>
    <datafield tag="250" ind1="#" ind2="#">
      <subfield code="a">1</subfield>
    </datafield>
    <datafield tag="300" ind1="#" ind2="#">
      <subfield code="a">78 halaman :</subfield>
      <subfield code="b">ilus ;</subfield>
      <subfield code="c">30 cm</subfield>
    </datafield>
    <datafield tag="856" ind1="#" ind2="#">
      <subfield code="a">Perpustakaan LAN Pusat</subfield>
    </datafield>
    <datafield tag="260" ind1="#" ind2="#">
      <subfield code="a">Jakarta :</subfield>
      <subfield code="b">Pusbangkom Pimnas dan Manajerial ASN,</subfield>
      <subfield code="c">2022</subfield>
    </datafield>
    <datafield tag="084" ind1="#" ind2="#">
      <subfield code="a">R 149 PIM II 2022</subfield>
    </datafield>
    <datafield tag="650" ind1="#" ind2="4">
      <subfield code="a">Maritim</subfield>
    </datafield>
    <datafield tag="520" ind1="#" ind2="#">
      <subfield code="a">Produk-produk eksisting untuk prakiraan cuaca maritim belum dikhususkan kepada kebutuhan transportasi laut. Hal ini menyebabkan kurangnya pemahaman user dan stakeholder pelayaran seperti nahkoda, nelayanan, maupun petugas pelabuhan terhadap informasi cuaca maritim.Sistem informasi Ina-MARFEST adalah sebuah sistem informasi cuaca maritim yang akan memudahkan pelaku pelayaran memperoleh informasi cuaca maritim berbasis dampak yang mudah diakses dan cepat. Pada sistem informasi Ina-MaRFest terdapat tiga fitur utama untuk menunjang keselamatan pelayaran. Fitur-fitur tersebut yakni Sistem Informasi Cuaca Maritim Berbasis Dampak, Dokumen Rute Cuaca Pelayaran, serta Dokumen Rekomendasi Berlayar.</subfield>
    </datafield>
    <datafield tag="990" ind1="#" ind2="#">
      <subfield code="a">149</subfield>
    </datafield>
  </record>
</collection>
